| 000 | 00000nam##2200000za#4500 |
| 001 | 9.587739 |
| 003 | CaOODSP |
| 005 | 20210624194759 |
| 007 | cr ||||||||||| |
| 008 | 150406|2007||||xxc|||||o f|0| 0 eng|d |
| 022 | |a1701-1280 |
| 040 | |aCaOODSP|beng |
| 041 | |aeng |
| 041 | |afre |
| 043 | |an-cn--- |
| 086 | 1 |aFs70-4/2007-056-PDF |
| 110 | 1 |aCanada. |bDepartment of Fisheries and Oceans. |
| 245 | 10|aProceedings of the annual meeting of the National Marine Mammal Peer Review Committee (NMMPRC) : |h[electronic resource]|bOctober 29 – November 1, 2007, Freshwater Institute, Winnipeg, Manitoba / |cW.D. Bowen, chairperson ; K.A. Martin, editor. |
| 260 | |aOttawa - Ontario : |bFisheries and Oceans Canada |cNovember 2008. |
| 300 | |a91p.|breferences, tables |
| 490 | 1 |aCanadian Science Advisory Secretariat proceedings series|x1701-1280|v2007/056 |
| 590 | |a11-32-Supp|b2011-12-20 |
| 720 | 1 |aBowen, W.D. |
| 720 | 1 |aMartin, K.A. |
| 792 | |tRéunion annuelle de Comité national d'examen par les pairs sur les mammifères marins (CNEPMM) : |efre|w(CaOODSP)9.587740 |
| 830 | #0|aProceedings series (Canadian Science Advisory Secretariat)|x1701-1280|v2007/056|w(CaOODSP)9.500507 |
| 856 | 40|ahttp://publications.gc.ca|qPDF|s524 KB|uhttps://publications.gc.ca/collections/collection_2011/mpo-dfo/Fs70-4-2007-056.pdf|y2007/056 |